Chartres les templiers architectes
Guardat en:
| Autor principal: | |
|---|---|
| Format: | Llibre |
| Idioma: | francès |
| Publicat: |
París
Mame
1974
|
| Matèries: | |
| Etiquetes: |
Afegir etiqueta
Sense etiquetes, Sigues el primer a etiquetar aquest registre!
|
MARC
| LEADER | 00000nam a2200000 a 4500 | ||
|---|---|---|---|
| 001 | UCT0981 | ||
| 003 | CL-VaPUC | ||
| 008 | 960913e19740000FR |||||||||||||||||fre|d | ||
| 082 | 0 | 4 | |a 726.6 |b GUI |2 21 |
| 100 | 0 | |a Guinguand, Maurice |e author |9 369621 | |
| 245 | 1 | 0 | |a Chartres les templiers architectes |
| 300 | |a 250 p | ||
| 942 | |c BK | ||
| 945 | |d 19960913 00:00:00 |a rleighto | ||
| 260 | |a París |b Mame |c 1974 | ||
| 650 | 7 | |a CATEDRALES |2 CL-VaPUC |9 267660 | |
| 650 | 0 | |a Arquitectura religiosa |9 266677 | |
| 650 | 0 | |a Arte religioso |9 330545 | |
| 583 | |a last modification |c 19960913 00:00:00 |k Rodrigo Vera | ||
| 999 | |c 251661 |d 251659 | ||
| 952 | |0 0 |1 0 |4 0 |6 726_600000000000000_GUI_1974 |7 0 |8 A |9 270977 |a BIBARQ |b BIBARQ |d 2019-11-19 |i 3230937 |o 726.6 GUI 1974 |p 3230937 |r 2025-01-20 |w 2019-11-19 |y BK |k ARQ | ||